May 2024 RICS/Ci Portuguese Housing Market Survey (Record no. 122079)
[ view plain ]
| 000 -LEADER | |
|---|---|
| fixed length control field | 01782nam a22002297a 4500 |
| 008 - FIXED-LENGTH DATA ELEMENTS--GENERAL INFORMATION | |
| fixed length control field | 241223e20240528po |||||o|||| 00| 0 eng d |
| 041 ## - LANGUAGE CODE | |
| Language code of text/sound track or separate title | eng |
| 110 ## - MAIN ENTRY--CORPORATE NAME | |
| Corporate author | Royal Institution of Chartered Surveyors |
| 245 ## - TITLE STATEMENT | |
| Title | May 2024 RICS/Ci Portuguese Housing Market Survey |
| Medium | [Electronic resource] |
| 260 ## - PUBLICATION INFORMATION | |
| Publisher | Royal Institution of Chartered Surveyors & Confidencial Imobilario |
| Date | 28 May 2024 |
| 300 ## - PHYSICAL DESCRIPTION | |
| Physical description | 5p |
| 490 ## - SERIES TITLE | |
| Series statement | Portuguese Housing Market Survey |
| 520 ## - ABSTRACT | |
| Abstract | RICS, in partnership with Confidencial Imobiliario, produces the Portuguese Housing Market Survey, a sentiment survey that collects and analyses the opinions of professionals in agency and development about the prices, availability and demand of residential property in three areas of the country: Greater Lisbon, Greater Oporto and the Algarve. <br/>The May 2024 iteration of the RICS/Ci PHMS points to a largely <br/>steady picture across the sales market, with most metrics remaining <br/>in and around neutral territory. Elsewhere, the rising trend in demand <br/>across the rental market appears to have been maintained, while a <br/>lack of new rental properties being listed also continues to be cited.<br/>Starting with new buyer enquiries, the latest reading came in at zero, <br/>which is little changed from last month’s -2%. As such, this again <br/>points to a stable picture for demand within the sales market. <br/><br/> |
| 650 ## - KEYWORDS | |
| Keywords | HOUSING MARKET |
| 650 ## - KEYWORDS | |
| Keywords | RESIDENTIAL PROPERTY |
| 651 ## - SUBJECT ADDED ENTRY--GEOGRAPHIC NAME | |
| Geographic name | Portugal |
| 690 ## - BROAD SUBJECT | |
| Broad subject | Residential property |
| 9 (RLIN) | 6266 |
| 710 ## - ADDED CORPORATE NAME | |
| Added corporate author | Royal Institution of Chartered Surveyors |
| 710 ## - ADDED CORPORATE NAME | |
| Added corporate author | Confidencial Imobiliário |
| 856 ## - ONLINE RESOURCE | |
| Uniform Resource Identifier | <a href="https://www.rics.org/content/dam/ricsglobal/documents/market-surveys/Portuguese-housing-market-survey-May-2024.pdf">https://www.rics.org/content/dam/ricsglobal/documents/market-surveys/Portuguese-housing-market-survey-May-2024.pdf</a> |
| Public note | Available free on RICS.org |
| 942 ## - ADDED ENTRY ELEMENTS (KOHA) | |
| Suppress in OPAC | Do not suppress in OPAC |
| Lost status | Damaged status | Not for loan | Current library | Shelving location | Date acquired | Total Checkouts | Full call number | Date last seen | Price effective from | Koha item type |
|---|---|---|---|---|---|---|---|---|---|---|
| Virtual | Online | 23/12/2024 | PROPERTY MARKET DATA | 23/12/2024 | 23/12/2024 | Online material |